000 00537nam a2200169Ia 4500
003 GCL
008 140319s9999 xx 000 0 ara d
040 _aGCL /
_cGCL
082 0 4 _a812.008
_bم ا
100 1 _aمحمود دياب
245 1 0 _aارض لا تنبت الزهور /
_cمحمود دياب
300 _a142 ص
490 _a"سلسلة مطبوعات الفن للعروض التجريبية;2"
_v0
650 0 4 _aالادب العربى
650 0 4 _aالمسرحيات العربية - مجموعات
942 _2ddc
_cBK
999 _c44442
_d44442